000
00199nam a22000857a 4500
008
170626b xxu||||| |||| 00| 0 eng d
100
_9
3711
_a
NCERT
245
_a
First flight class X
260
_b
NCERT
_c
2007
999
_c
7132
_d
7132